Bihar/ (Record no. 166464)

MARC details
000 -LEADER
fixed length control field 00508nam a22001697a 4500
010 ## - LCCN (DPL NO)
LC control number ENG-126067
020 ## - INTERNATIONAL STANDARD BOOK NUMBER
International Standard Book Number 978-93-8546-244-3
Terms of availability 995.00(hb)
035 ## - SYSTEM CONTROL NUMBER
System control number EN-109599
037 ## - SOURCE OF ACQUISITION
Source of stock number/acquisition DBAD/PUB
082 ## - DEWEY DECIMAL CLASSIFICATION NUMBER
Classification number 338.954123
100 ## - MAIN ENTRY--PERSONAL NAME
Personal name Kumar, Indra Sen
Dates associated with a name 2017
245 ## - TITLE STATEMENT
Title Bihar/
Statement of responsibility, etc byIndra Sen Kumar
260 ## - PUBLICATION, DISTRIBUTION, ETC. (IMPRINT)
Place of publication, distribution, etc New Delhi
Name of publisher, distributor, etc Ane Books Pvt.Ltd.
Date of publication, distribution, etc 2017
270 ## - ADDRESS
Address 4821,Parwana Bhawan 1st Floor 24 Ansari Road, Darya Ganj
300 ## - PHYSICAL DESCRIPTION
Extent 158p.
Other physical details 25cm(hb)
942 ## - ADDED ENTRY ELEMENTS (KOHA)
Source of classification or shelving scheme Dewey Decimal Classification
Item type English Books
Classification part 338.954123
Call number suffix KUM
Holdings
Withdrawn status Lost status Not for loan Collection code Home library Current library Date acquired Source of acquisition Cost, normal purchase price Full call number Barcode Copy number Cost, replacement price Koha item type
      Non-fiction Bawana Bawana 24/07/2019 DBAD/PUB 995.00 338.954123 KUM EN-109599 1 995.00 English Books

© Delhi Public Library
Hit Counter
free hit counter